000 00365nam a2200157Ia 4500
100 _aSonde/ B.S./ Aggarwal/ D.k.
650 _aElectrical Engineering
490 _v2
942 _cBK
654 _aamplifiers
245 _aSpecial purpose amplifiers
260 _bTata Mc Graw hill
_aNew Delhi
_c1977
082 _a621.381
300 _a128
546 _aENGLISH
999 _c30240
_d30240